Coastal Cities-Sudden Death - Statistics

General Stats
  • This quiz has been taken 60 times
  • The average score is 10 of 20
Answers on the Grid
Answers color-coded by a green-red scale on the quiz's grid according to % correct below.
Athens
Sydney
Auckland
Surabaya
Hong Kong
St.Petersburg
Tampa
Veracruz
Lima
Buenos Aires
Durban
Dar es Salaam
Mogadishu
Shanghai
Sevastapol
Gdańsk
Lagos
Accra
Monrovia
Dakar
Ankara
Yerevan
Lahore
Beijing
Addis Ababa
Madinah
Jerusalem
Isfahan
Almaty
Baku
Volgograd
Wuhan
 
Answer Stats
Answer % Correct
Sydney
74%
Hong Kong
72%
Shanghai
65%
Athens
60%
Auckland
56%
Buenos Aires
56%
Gdańsk
56%
Tampa
53%
Lagos
51%
Dakar
49%
Durban
44%
Lima
42%
Mogadishu
42%
Accra
37%
St.Petersburg
37%
Dar es Salaam
35%
Monrovia
35%
Sevastapol
30%
Surabaya
30%
Veracruz
28%
No matching quizzes found
Score Distribution
Percent of People with Each Score
Percentile by Number Answered
Your Score History
You have not taken this quiz